000 00321nam a2200157Ia 4500
100 _aSingh/ Ravish R
490 _v1
942 _cBK
654 _aelectricity
245 _aBasic electricity
260 _bNirali prakashan
_aPune
_c1999
082 _a621.3
_bSIN
300 _a196
546 _aENGLISH
999 _c35676
_d35676